000 01021nam a2200265 i 4500
001 bg
003 KOSZ 005
005 20200817142113.0
008 071028s1965 pl a f 000 0 eng
015 _aPB 1966/5857
040 _aWA N
_cKOSZ 005/RW
_dKOSZ 005/RW
080 _a539
100 1 _aZorski, Henryk
_d(1927-2003)
_eAutor
245 1 0 _aTheory of discrete defects /
_cHenryk Zorski ; Polska Akademia Nauk. Ośrodek Kształcenia i Doskonalenia Kadr Naukowych.
260 _aWrocław :
_bZakład Narodowy im. Ossolińskich Wydawnictwo PAN,
_c1965.
300 _a113 s. :
_bil. ;
_c23 cm.
380 _aKsiążki.
490 1 _aTeoria dyslokacji
_vcz. 2.
504 _aBibliogr. s. [99]-100.
521 8 _aDla uczestników konferencji szkoleniowej.
710 2 _aZakład Narodowy im. Ossolińskich
_bWydawnictwo
_4pbl.
830 0 _aTeoria dyslokacji
_vcz. 2.
856 _uhttp://koha.tu.koszalin.pl/cgi-bin/koha/opac-detail.pl?biblionumber=7988
_yKatalog online BPK
942 _2UKD
_cKS
999 _c7988
_d7988